Prečo sa vaša ulica volá Krupinská

Bibliographic Details
Format: Article
Language:Slovak
PhysicalDescription:Fotogr.
ISSN:1335-4566
Subjects:
Online Access:www.korzar.sk

MARC

LEADER 00000nab a2200000 a 4500
001 vtls009008014
003 SK-MaSNL
005 20260303065505.0
008 070718c20070718xo drz 0 0slo
038 |a KEVKJB 
040 |a KEVKJB  |b slo  |c KEVKJB  |e AACR2 
041 0 |a slo 
044 |a xo  |c SK 
080 |a 711.73  |2 2001 
245 0 0 |a Prečo sa vaša ulica volá Krupinská  |c [autor] (pod) 
300 |b Fotogr. 
650 0 7 |a ulice  |2 kevkjb  |9 2938 
650 0 7 |a názvy ulíc  |2 kevkjb  |9 23567 
651 7 |a Košice (Slovensko)  |2 kevkjb  |9 18694 
651 7 |a Krupina (Slovensko)  |2 kevkjb  |9 17094 
651 7 |a Sever (Košice I, Slovensko)  |2 kevkjb  |9 29658 
773 0 |t Košický denník Korzár  |g Roč. X, č. 164 (18.7.2007), s. 2  |x 1335-4566 
852 |a KEVKJB  |b KIS3GCP 
856 4 1 |u www.korzar.sk 
999 |c 1751394  |d 1753324